Sudden death - American Inventions - Statistics

General Stats
  • This quiz has been taken 61 times
  • The average score is 2 of 11
Answers on the Grid
Answers color-coded by a green-red scale on the quiz's grid according to % correct below.
Airplane
Automobile
Banana Split
Barbed Wire
Breath Mint
Chocolate Chip Cookie
Compass
Compound Bow
Dishwasher
Dry Battery
Electric Shower
GPS
Grain Stripper
Granny Smith apple
Gunpowder
Guns
LED lights
Lego
Manual Hair Clippers
Modern Balloon
Panton Chair
Paper
Peanut Butter
Printing Press
Refrigerator
Silly Putty
Steel
Sticky Note
Television
Tesla Coil
 
Answer Stats
Answer % Correct
Chocolate Chip Cookie
60%
Silly Putty
60%
Sticky Note
40%
Airplane
20%
Banana Split
20%
Tesla Coil
20%
Barbed Wire
0%
Compound Bow
0%
Dishwasher
0%
GPS
0%
Television
0%
No matching quizzes found
Score Distribution
Percent of People with Each Score
Percentile by Number Answered
Your Score History
You have not taken this quiz